إحياء علوم الدين للإمام الغزالي / (رقم التسجيلة. 6376)

تفاصيل مارك
000 -الفاتح
عناصر البيانات ثابتة الطول 01038cam a2200229 i 4500
005 - تاريخ ووقت آخر معاملة
حقل ضبط 20251208101128.0
008 - عناصر البيانات ثابتة الطول
عناصر البيانات ثابتة الطول 250721s1988 ua gr 000 0 ara d
082 14 - رقم تصنيف ديوي العشري
رقم التصنيف 216
رقم المادة ا ص ل
100 1# - مدخل رئيسي – اسم شخصي
الاسم الشخصي الرفاعي، إصلاح عبد السلام
علاقة الشخص بالعمل/ دوره مؤلف.
245 10 - بيان العنوان
العنوان إحياء علوم الدين للإمام الغزالي /
بيان المسؤولية الامام الغزالي؛ اعداد ودراسه اصلاح عبد السلام الرفاعي ، اشراف ومراجعه الدكتور عبد الصبور شاهين.
250 ## - بيان الطبعة
بيان الطبعة الطبعه الاولى.
264 1# - بيانات النشر، التوزيع…إلخ
مكان النشر، التوزيع...إلخ القاهرة :
اسم الناشر، الموزع...إلخ مركز الأهرام للترجة و النشر،
تاريخ النشر، التوزيع...إلخ 1988.
300 ## - الوصف المادي
عدد الوحدات المكونة للوعاء 398صفحه.
490 0# - بيان السلسلة
عنوان السلسلة تقريب التراث ؛1
650 17 - مدخل إضافي بالموضوع - مصطلح موضوعي
مصطلح موضوعي أو اسم جغرافي كعنصر مدخل الفقه الإسلامي.
650 17 - مدخل إضافي بالموضوع - مصطلح موضوعي
مصطلح موضوعي أو اسم جغرافي كعنصر مدخل المعاملات (فقه إسلامي).
650 17 - مدخل إضافي بالموضوع - مصطلح موضوعي
مصطلح موضوعي أو اسم جغرافي كعنصر مدخل الإسلام.
700 ## - مدخل إضافي - اسم شخصي
الاسم الشخصي الرفاعي ، اصلاح عبد السلام
علاقة الشخص بالعمل/ دوره معد.
700 ## - مدخل إضافي - اسم شخصي
الاسم الشخصي شاهين، عبد الصبور
علاقة الشخص بالعمل/ دوره مشرف.
942 ## - بيانات إضافية (كوها)
نوع التنصيف Dewey Decimal Classification
نوع المادة (كوها) كتب
المقتنيات
حالة السحب حالة الفقدان مصدر التصنيف حالة التلف غير قابل للإعارة المكتبة الرئيسية المكتبة الحالية موقع الرف تاريخ التزويد الرقم المتسلسل Total Checkouts رقم الإستدعاء الباركود تاريخ آخر ظهور تاريخ الفاتورة نوع المادة (كوها)
    Dewey Decimal Classification     المكتبة المركزية المكتبة المركزية الإعارة 06/07/2004 207116   216 / ا ص ل 207116 28/07/2025 06/07/2004 كتب
    Dewey Decimal Classification     المكتبة المركزية المكتبة المركزية مقتنيات قسم التزويد 28/07/2025 1759885   216/اصل   28/07/2025 28/07/2025 كتب
Implemented & Customized by: BBB with SCIT (Smart Chains for Information Technology)

Powered by Koha